000 00446nam a2200133Ia 4500
999 _c5125
_d5125
008 201209s9999 xx 000 0 und d
020 _a978-1444627398
100 _aStevens, Edward F.
_91603
245 0 _aShipping practice :
_bwith a consideration of the law relating thereto /
_cby Edward F. Stevens.
260 _aLondon
_bSir Isaac Pitman
_c1967
300 _a184p.
_c13.97 x 1.07 x 21.59 cm
650 0 _aShipping
_xMaritime Law
942 _cBK
_2ddc